Los Angeles Lakers Head Coaches by Picture - Statistics

General Stats
  • This quiz has been taken 35 times
    10 since last reset
  • The average score is 13 of 29
Answer Stats
Picture Hint Answer % Correct
2016-2019 Luke Walton
100%
1999-2004 | 2005-2011 Phil Jackson
100%
2022-2024 Darvin Ham
90%
2019-2022 Frank Vogel
90%
2024-Present JJ Redick
90%
2011-2012 Mike Brown
90%
1981-1990 Pat Riley
90%
2014-2016 Byron Scott
80%
2012-2014 Mike D'Antoni
80%
1994 Magic Johnson
70%
1958 George Mikan
60%
1976-1979 Jerry West
60%
1971-1976 Bill Sharman
40%
1999 Kurt Rambis
40%
1979-1981 Paul Westhead
40%
2012 Bernie Bickerstaff
30%
1990-1992 Mike Dunleavy Sr.
30%
1967-1969 Butch van Breda Kolff
20%
1994-1999 Del Harris
20%
1979 Jack McKinney
20%
1948-1958 | 1958-1959 John Kundla
20%
1992-1994 Randy Pfund
20%
2004-2005 Rudy Tomjanovich
20%
2005 Frank Hamblen
10%
1960-1967 Fred Schaus
10%
1960 Jim Pollard
10%
1969-1971 Joe Mullaney
10%
1994 | 1999 Bill Bertka
0%
1959-1960 John Castellani
0%
No matching quizzes found
Score Distribution
Percent of People with Each Score
Percentile by Number Answered
Your Score History
You have not taken this quiz since the last reset